000 00332 a2200121 4500
001 146852
040 _cEscola São Tomás de Aquino
100 _aFEVEREIRO, Jô
240 1 0 _aMiss Edith e seu tio
_lpor
245 1 0 _aMiss Edith e seu tio
697 _aCaricaturas, desenho animado, cômico, fotonovelas / Quadrinhos
942 _cBK
999 _c146852
_d146852